[Event "NW Regional Scholastic Championships"]
[Site "Chess.com"]
[Date "2020.05.16"]
[Round "?"]
[White "OWSchess"]
[Black "hello318"]
[Result "0-1"]
[WhiteElo "1242"]
[BlackElo "1232"]
[PlyCount "138"]
[EventDate "2020.??.??"]

1. e4 c5 2. Nf3 Nc6 3. Nc3 g6 4. Bc4 Bg7 5. O-O Nf6 6. d3 O-O 7. Bg5 d6 8. Re1
Bg4 9. h3 Be6 10. Bxe6 fxe6 11. e5 dxe5 12. Nxe5 Nxe5 13. Rxe5 Nd5 14. Rxe6
Nxc3 15. bxc3 Bxc3 16. Rb1 Qd7 17. Rxe7 Qf5 18. Bh4 Bf6 19. Bxf6 Qxf6 20. Re2
b6 21. Qd2 Rae8 22. Rbe1 Qf7 23. Rxe8 Rxe8 24. Rxe8+ Qxe8 25. Qe3 Qa4 26. Qe6+
Kg7 27. Qb3 Qe8 28. Qc3+ Kg8 29. Qc4+ Kg7 30. Qe4 Qf7 31. Qe5+ Kg8 32. Qb8+ Kg7
33. Qe5+ Kg8 34. a3 a5 35. Qd6 Qa2 36. Qxb6 Qxa3 37. f4 Qc1+ 38. Kh2 Qxf4+ 39.
g3 Qf2+ 40. Kh1 Qf3+ 41. Kh2 Qf2+ 42. Kh1 Qxc2 43. Qxa5 Qxd3 44. Qxc5 Qxg3 45.
Qg1 Qxh3+ 46. Qh2 Qxh2+ 47. Kxh2 h5 48. Kh3 Kf7 49. Kh4 Kf6 50. Kh3 g5 51. Kg3
Kf5 52. Kf3 h4 53. Kg2 Kg4 54. Kh2 Kh5 55. Kh3 g4+ 56. Kg2 h3+ 57. Kg3 Kg5 58.
Kh2 Kh4 59. Kh1 g3 60. Kg1 Kg4 61. Kh1 Kf3 62. Kg1 Kf4 63. Kh1 Kg4 64. Kg1 Kf3
65. Kh1 g2+ 66. Kh2 Kf2 67. Kxh3 g1=Q 68. Kh4 Kf3 69. Kh3 Qg3# 0-1

[Event "NW Regional Scholastic Championships"]
[Site "Chess.com"]
[Date "2020.05.16"]
[Round "?"]
[White "hello318"]
[Black "Varin_N"]
[Result "0-1"]
[WhiteElo "1232"]
[BlackElo "1220"]
[PlyCount "106"]
[EventDate "2020.??.??"]

1. c4 c5 2. Nc3 Nf6 3. g3 Nc6 4. Bg2 e6 5. Nf3 d5 6. cxd5 exd5 7. O-O Be7 8. d4
Be6 9. dxc5 Bxc5 10. Ng5 O-O 11. Nxe6 fxe6 12. Bg5 h6 13. Bf4 e5 14. Bc1 d4 15.
Ne4 Nxe4 16. Bxe4 Rf6 17. Qd3 Qf8 18. Bh7+ Kh8 19. Be4 Rb8 20. Qc4 d3 21. Bxd3
Rxf2 22. e3 Rxf1+ 23. Bxf1 Bb6 24. Bd3 Qf3 25. Qe4 Qxe4 26. Bxe4 Rd8 27. b3
Rd1+ 28. Kg2 Bxe3 29. Bxe3 Rxa1 30. Bxa7 Nxa7 31. Bxb7 Rxa2+ 32. Kh3 Nb5 33.
Bd5 Rd2 34. Bc4 Nd4 35. b4 Rb2 36. b5 Nxb5 37. Bxb5 Rxb5 38. Kg4 Rb8 39. Kf5
Re8 40. Ke4 Kh7 41. g4 Kg6 42. h4 Kf6 43. g5+ hxg5 44. hxg5+ Kxg5 45. Ke3 e4
46. Ke2 e3 47. Ke1 e2 48. Kd2 e1=Q+ 49. Kd3 Re3+ 50. Kd4 Qd2+ 51. Kc4 Rc3+ 52.
Kb4 Qb2+ 53. Ka4 Ra3# 0-1

[Event "NW Regional Scholastic Championships"]
[Site "Chess.com"]
[Date "2020.05.16"]
[Round "?"]
[White "peregrine2"]
[Black "TRIPU06"]
[Result "0-1"]
[WhiteElo "961"]
[BlackElo "1375"]
[PlyCount "48"]
[EventDate "2020.??.??"]

1. e4 e5 2. Nf3 Nc6 3. Bc4 Bc5 4. b4 Bxb4 5. c3 Bc5 6. d4 exd4 7. cxd4 Bb4+ 8.
Bd2 Bxd2+ 9. Nbxd2 d6 10. Qb3 Nh6 11. d5 Ne5 12. Nxe5 dxe5 13. Bb5+ Bd7 14.
Bxd7+ Qxd7 15. Qxb7 O-O 16. Nc4 Rfe8 17. d6 Qa4 18. d7 Qxd7 19. Rd1 Qe7 20. O-O
Ng4 21. f3 Qc5+ 22. Ne3 Qxe3+ 23. Rf2 Nxf2 24. Qb2 Nxd1+ 0-1

[Event "NW Regional Scholastic Championships"]
[Site "Chess.com"]
[Date "2020.05.16"]
[Round "?"]
[White "rmzwang"]
[Black "peregrine2"]
[Result "1/2-1/2"]
[WhiteElo "1306"]
[BlackElo "961"]
[PlyCount "114"]
[EventDate "2020.??.??"]

1. e4 c5 2. Nf3 d6 3. d4 cxd4 4. Nxd4 Nf6 5. Nc3 g6 6. Bc4 Bg7 7. O-O O-O 8.
Be3 Nc6 9. Qd2 Nxd4 10. Bxd4 e5 11. Be3 Qc7 12. Bb3 Nh5 13. Bh6 Bxh6 14. Qxh6
Nf4 15. Rad1 Qd8 16. Rd2 Be6 17. Nb5 Bxb3 18. axb3 f5 19. g3 Ne6 20. Qh4 Qxh4
21. gxh4 fxe4 22. Nxd6 Nc5 23. Rd5 Rad8 24. Rxc5 Rxd6 25. Rxe5 Rd2 26. Rxe4
Rxc2 27. Re7 Rxb2 28. Rxb7 Ra8 29. Re1 a6 30. Ree7 h5 31. Rg7+ Kf8 32. Rxg6
Rb1+ 33. Kg2 a5 34. Rgb6 Re8 35. b4 Re4 36. Rf6+ Ke8 37. Rg6 Rbxb4 38. Rxb4
Rxb4 39. Ra6 Rg4+ 40. Kf3 Rxh4 41. Rxa5 Rxh2 42. Kg3 Rh1 43. f4 h4+ 44. Kg2 Rd1
45. Rh5 Rd2+ 46. Kh3 Rd3+ 47. Kxh4 Kf7 48. Kg5 Rg3+ 49. Kf5 Rb3 50. Kg5 Rg3+
51. Kf5 Rc3 52. Kg4 Kf6 53. Rh3 Rc4 54. Rf3 Rc1 55. f5 Rg1+ 56. Rg3 Rxg3+ 57.
Kxg3 Kxf5 1/2-1/2

[Event "NW Regional Scholastic Championships"]
[Site "Chess.com"]
[Date "2020.05.16"]
[Round "?"]
[White "peregrine2"]
[Black "Himanky"]
[Result "1-0"]
[WhiteElo "961"]
[BlackElo "1155"]
[PlyCount "77"]
[EventDate "2020.??.??"]

1. e4 c5 2. Nf3 e6 3. d4 cxd4 4. Nxd4 Nc6 5. Nc3 Nxd4 6. Qxd4 Ne7 7. Bg5 Nc6 8.
Bxd8 Nxd4 9. Bc7 Nxc2+ 10. Kd1 Nxa1 11. Kc1 Be7 12. Kb1 O-O 13. Kxa1 b6 14. Be5
Bb7 15. Bb5 h6 16. Bxd7 Rfd8 17. Ba4 Bb4 18. Ne2 Bxe4 19. Nf4 Rd4 20. Bxd4 Rd8
21. Bc3 Bxc3 22. bxc3 Bf5 23. Rd1 Rc8 24. Ne2 a5 25. Rd6 Rb8 26. Nd4 Bg6 27.
Nc6 Rb7 28. Nd4 e5 29. Nf3 b5 30. Bd1 b4 31. cxb4 Rxb4 32. Nd2 a4 33. Rd8+ Kh7
34. Rc8 Rd4 35. Rc5 Rxd2 36. Bxa4 Rd4 37. Be8 Rb4 38. a3 Bc2 39. axb4 1-0

[Event "NW Regional Scholastic Championships"]
[Site "Chess.com"]
[Date "2020.05.16"]
[Round "?"]
[White "peregrine2"]
[Black "Chess_Bot254"]
[Result "0-1"]
[WhiteElo "961"]
[BlackElo "1200"]
[PlyCount "84"]
[EventDate "2020.??.??"]

1. e4 e5 2. Nf3 Nc6 3. Bc4 Nf6 4. Ng5 d5 5. exd5 Na5 6. d6 Nxc4 7. dxc7 Qxc7 8.
d3 Nd6 9. Nc3 h6 10. Nf3 Nf5 11. Qe2 Bd6 12. b3 O-O 13. Bb2 Bb4 14. O-O Bxc3
15. Bxc3 Qxc3 16. Qxe5 Qxe5 17. Nxe5 Be6 18. Rfe1 Nd4 19. Rac1 Rac8 20. c4 b5
21. Nf3 Nxf3+ 22. gxf3 bxc4 23. dxc4 Nd7 24. Rcd1 Nc5 25. b4 Nd7 26. Rxe6 fxe6
27. Rxd7 Rxf3 28. Rxa7 Rxc4 29. b5 Rf7 30. Ra8+ Rf8 31. Ra6 Rb4 32. Rxe6 Rxb5
33. f4 Ra5 34. Re2 Rfa8 35. f5 Rxa2 36. Re1 Ra1 37. Rf1 Rxf1+ 38. Kxf1 Rf8 39.
f6 Rxf6+ 40. Kg2 Kf7 41. h4 g5 42. hxg5 hxg5 0-1

[Event "NW Regional Scholastic Championships"]
[Site "Chess.com"]
[Date "2020.05.16"]
[Round "?"]
[White "Thrinayks"]
[Black "peregrine2"]
[Result "1-0"]
[WhiteElo "1132"]
[BlackElo "961"]
[PlyCount "57"]
[EventDate "2020.??.??"]

1. d4 d5 2. c4 Nf6 3. cxd5 Nxd5 4. e4 Nf6 5. e5 Ne4 6. f3 Nc5 7. dxc5 Qxd1+ 8.
Kxd1 e6 9. Be3 Bd7 10. Nc3 c6 11. Nge2 Na6 12. a3 Nxc5 13. Bxc5 Bxc5 14. b4 Bd4
15. Kc2 Bxe5 16. g3 Bc7 17. Rd1 e5 18. Bg2 Bf5+ 19. Kb2 f6 20. g4 Bg6 21. Rd2
Rd8 22. Rhd1 Rxd2+ 23. Rxd2 e4 24. Nxe4 Be5+ 25. Kb1 f5 26. gxf5 Bxf5 27. h3
O-O 28. Kc1 Bf4 29. Nxf4 1-0

[Event "NW Regional Scholastic Championships"]
[Site "Chess.com"]
[Date "2020.05.16"]
[Round "?"]
[White "just-potato"]
[Black "Ablor"]
[Result "0-1"]
[WhiteElo "1137"]
[BlackElo "1200"]
[PlyCount "88"]
[EventDate "2020.??.??"]

1. d4 Nf6 2. c4 e6 3. Nc3 Bb4 4. Nf3 Bxc3+ 5. bxc3 d6 6. Bg5 b6 7. e3 h6 8. Bh4
Nbd7 9. Bd3 g5 10. Bg3 Bb7 11. Qe2 h5 12. h3 Ne4 13. Bxe4 Bxe4 14. O-O g4 15.
Nd2 Bb7 16. hxg4 hxg4 17. Qxg4 Qf6 18. Ne4 Qh6 19. f3 f5 20. Nxd6+ cxd6 21. Qf4
Qxf4 22. Bxf4 e5 23. Bg3 Rc8 24. c5 bxc5 25. dxe5 Nxe5 26. Bxe5 dxe5 27. Rfd1
Ke7 28. Rab1 Bc6 29. Kf2 Rb8 30. f4 Rbg8 31. Rg1 Rh2 32. fxe5 Rgxg2+ 33. Rxg2
Rxg2+ 34. Kf1 Rxa2 35. Rc1 Ke6 36. c4 Kxe5 37. Re1 Ke4 38. Kg1 a5 39. Kf1 a4
40. Re2 Rxe2 41. Kxe2 a3 42. Kd2 a2 43. Kc2 a1=Q 44. Kb3 Ba4# 0-1

[Event "NW Regional Scholastic Championships"]
[Site "Chess.com"]
[Date "2020.05.16"]
[Round "?"]
[White "Ablor"]
[Black "mjcaramel"]
[Result "1-0"]
[WhiteElo "1200"]
[BlackElo "1193"]
[PlyCount "75"]
[EventDate "2020.??.??"]

1. Nf3 Nf6 2. c4 d6 3. d4 Bg4 4. Nc3 Nbd7 5. e4 e5 6. Be2 exd4 7. Nxd4 Bxe2 8.
Ndxe2 Be7 9. O-O O-O 10. f3 Re8 11. Be3 Nc5 12. Bxc5 dxc5 13. f4 Qxd1 14. Raxd1
Rad8 15. e5 Ng4 16. Nd5 Rxd5 17. Rxd5 Ne3 18. Rd7 Nxf1 19. Kxf1 f6 20. Rxc7
fxe5 21. fxe5 Rf8+ 22. Ke1 Bd8 23. Rxb7 Bb6 24. g3 Re8 25. Nf4 Rxe5+ 26. Kf2 h6
27. Nd5 Re4 28. b3 Re5 29. Nxb6 axb6 30. Rxb6 Kf7 31. a4 Ke7 32. a5 Kd7 33. a6
Kc8 34. a7 Rf5+ 35. Kg2 Kc7 36. a8=Q Kxb6 37. Qb8+ Kc6 38. Qc8+ 1-0

[Event "NW Regional Scholastic Championships"]
[Site "Chess.com"]
[Date "2020.05.16"]
[Round "?"]
[White "Ablor"]
[Black "piggy_98"]
[Result "1-0"]
[WhiteElo "1200"]
[BlackElo "1696"]
[PlyCount "67"]
[EventDate "2020.??.??"]

1. Nf3 d5 2. e3 g6 3. c4 c6 4. Nc3 Nf6 5. d4 Bg7 6. Be2 O-O 7. O-O e6 8. b3
Nbd7 9. Ba3 Re8 10. Bd6 Bf8 11. Bxf8 Kxf8 12. Ne5 Nxe5 13. dxe5 Nd7 14. f4 a5
15. Qd4 Qe7 16. Rad1 Qc5 17. Na4 Qxd4 18. exd4 b6 19. cxd5 exd5 20. Rc1 Bb7 21.
f5 Kg8 22. Bg4 Nf8 23. Nxb6 Rab8 24. Rf3 h5 25. fxg6 fxg6 26. Bd7 Re7 27. Bxc6
Rd8 28. Rf6 Ne6 29. Bxb7 Nxd4 30. Bxd5+ Kg7 31. Re1 Nc2 32. Re2 Nb4 33. Bc4 Nc6
34. Rxc6 1-0

[Event "NW Regional Scholastic Championships"]
[Site "Chess.com"]
[Date "2020.05.16"]
[Round "?"]
[White "highwaypotter"]
[Black "Ablor"]
[Result "0-1"]
[WhiteElo "800"]
[BlackElo "1200"]
[PlyCount "88"]
[EventDate "2020.??.??"]

1. d4 Nf6 2. c4 e6 3. Nf3 d5 4. g3 Bb4+ 5. Bd2 Be7 6. Bg2 O-O 7. O-O c6 8. Bf4
dxc4 9. Ne5 Nd5 10. Nxc4 Nxf4 11. gxf4 Nd7 12. Nc3 Nb6 13. b3 Nd5 14. Nxd5 exd5
15. Nd2 Ba3 16. Qc2 Qf6 17. e3 Bf5 18. Qc3 a5 19. Kh1 Rfe8 20. Rg1 Qh4 21. Nf3
Qxf2 22. Rae1 Bb4 23. Ref1 Qxf1 24. Rxf1 Bxc3 25. Nh4 Bd3 26. Rc1 Bb2 27. Re1
Bxd4 28. Rd1 Rxe3 29. Nf3 Bb6 30. Ne5 Bf5 31. Nf3 Rae8 32. h4 R8e4 33. Kh2 Rxf4
34. Kg3 Rg4+ 35. Kh2 Re2 36. Ne1 Bc7+ 37. Kh1 Bb6 38. Nf3 Rexg2 39. Re1 g6 40.
Re8+ Kg7 41. Re1 R2g3 42. Rf1 Rh3+ 43. Nh2 Be4+ 44. Rf3 Bxf3# 0-1

[Event "NW Regional Scholastic Championships"]
[Site "Chess.com"]
[Date "2020.05.16"]
[Round "?"]
[White "mbikdjbi9o"]
[Black "Ablor"]
[Result "1-0"]
[WhiteElo "1542"]
[BlackElo "1200"]
[PlyCount "87"]
[EventDate "2020.??.??"]

1. d4 Nf6 2. c4 e6 3. Nc3 Bb4 4. Bd2 c5 5. e3 cxd4 6. exd4 Nc6 7. Nf3 O-O 8.
Bd3 d5 9. c5 b6 10. cxb6 Qxb6 11. a3 Bxc3 12. bxc3 Bb7 13. O-O Ba6 14. Bf4 Rfc8
15. Qe2 Bxd3 16. Qxd3 Ne7 17. Rfb1 Qa5 18. Rc1 Ne4 19. c4 Nf6 20. c5 Nh5 21.
Bd2 Qd8 22. Rab1 Rab8 23. Ne5 Rxb1 24. Rxb1 f6 25. Nf3 Qc7 26. Qe3 Nc6 27.
Qxe6+ Kh8 28. Re1 Qd8 29. g4 Nxd4 30. Nxd4 Nf4 31. Bxf4 h6 32. Bd6 Kh7 33. Nf5
g6 34. Qe7+ Qxe7 35. Rxe7+ Kg8 36. Nxh6+ Kf8 37. Rf7+ Ke8 38. Rxf6 Kd7 39. Nf7
Re8 40. Ne5+ Kc8 41. c6 Kd8 42. Rf7 Kc8 43. Rc7+ Kd8 44. Nf7# 1-0

[Event "NW Regional Scholastic Championships"]
[Site "Chess.com"]
[Date "2020.05.16"]
[Round "?"]
[White "GrandMasterTroller"]
[Black "Fhh1307"]
[Result "0-1"]
[WhiteElo "690"]
[BlackElo "1388"]
[PlyCount "50"]
[EventDate "2020.??.??"]

1. e4 c5 2. Nf3 d6 3. d4 cxd4 4. Nxd4 Nf6 5. Nc3 g6 6. Bc4 Bg7 7. Be3 O-O 8.
Qd2 Nc6 9. Bh6 Nxd4 10. Bxg7 Nxc2+ 11. Qxc2 Kxg7 12. O-O Bd7 13. Rad1 Rc8 14.
Bb3 Be6 15. e5 Ne8 16. Bxe6 fxe6 17. exd6 exd6 18. Rfe1 e5 19. Nb5 Rxc2 20.
Rxe5 Rfxf2 21. Rxd6 Nxd6 22. Nd4 Rxg2+ 23. Kf1 Qf6+ 24. Nf3 Qxf3+ 25. Ke1 Rc1#
0-1

[Event "NW Regional Scholastic Championships"]
[Site "Chess.com"]
[Date "2020.05.16"]
[Round "?"]
[White "switch64"]
[Black "GrandMasterTroller"]
[Result "1-0"]
[WhiteElo "901"]
[BlackElo "690"]
[PlyCount "141"]
[EventDate "2020.??.??"]

1. e4 c5 2. Nf3 d6 3. d4 cxd4 4. Qxd4 Qa5+ 5. Nc3 Nc6 6. Qd1 e5 7. Bc4 Nf6 8.
Ng5 Qc5 9. Bxf7+ Ke7 10. Nd5+ Kd7 11. Nxf6+ gxf6 12. Qg4+ Kc7 13. Ne6+ Bxe6 14.
Qxe6 Nd4 15. Qd5 Nxc2+ 16. Kf1 Nxa1 17. Qxc5+ dxc5 18. Be3 Nc2 19. Ke2 Nd4+ 20.
Bxd4 cxd4 21. Rc1+ Kd8 22. Bd5 Rc8 23. Rxc8+ Kxc8 24. Kd3 Bh6 25. Be6+ Kd8 26.
b3 Ke7 27. Bd5 Kd6 28. Bxb7 Rg8 29. g3 Rg4 30. a3 Rg7 31. Bd5 Rc7 32. Bc4 Rc5
33. b4 Rc7 34. a4 Rb7 35. b5 Kc5 36. Bd5 Rb6 37. Bc6 Kb4 38. f4 Kxa4 39. fxe5
fxe5 40. Kc4 a6 41. Kc5 d3 42. Kxb6 axb5 43. Bxb5+ Kb4 44. Bxd3 Kc3 45. Bb5 Kd4
46. Bc6 Be3 47. g4 Kd3+ 48. Kc7 h6 49. Kd6 Bf4 50. h4 Kd4 51. Ke6 Kc5 52. Bd5
Kd4 53. Kf5 Bg3 54. g5 hxg5 55. hxg5 Bh4 56. g6 Kc5 57. g7 Kd4 58. g8=Q Bf2 59.
Qe6 Ke3 60. Qxe5 Bg3 61. Qxg3+ Kd4 62. e5 Kxd5 63. Qd3+ Kc5 64. e6 Kc6 65. e7
Kc5 66. e8=Q Kb4 67. Qee4+ Kc5 68. Qdd5+ Kb6 69. Qee6+ Kc7 70. Qdd7+ Kb8 71.
Qee8# 1-0

[Event "NW Regional Scholastic Championships"]
[Site "Chess.com"]
[Date "2020.05.16"]
[Round "?"]
[White "namig2012"]
[Black "GrandMasterTroller"]
[Result "1-0"]
[WhiteElo "1196"]
[BlackElo "690"]
[PlyCount "39"]
[EventDate "2020.??.??"]

1. d4 e6 2. c4 d5 3. Nc3 dxc4 4. e4 Bb4 5. Bxc4 Nf6 6. a3 Bxc3+ 7. bxc3 Nxe4 8.
Bd3 Nxc3 9. Qc2 Qxd4 10. Bb2 Qa4 11. Qxc3 Qc6 12. Nf3 Nd7 13. Qxg7 Rf8 14. O-O
e5 15. Nxe5 Nxe5 16. Qxe5+ Be6 17. Bf5 O-O-O 18. Bxe6+ fxe6 19. Rac1 Qd5 20.
Qxc7# 1-0

[Event "NW Regional Scholastic Championships"]
[Site "Chess.com"]
[Date "2020.05.16"]
[Round "?"]
[White "GrandMasterTroller"]
[Black "EvenFreshCyclone"]
[Result "0-1"]
[WhiteElo "690"]
[BlackElo "1200"]
[PlyCount "42"]
[EventDate "2020.??.??"]

1. e4 e5 2. Nf3 Nc6 3. Bc4 d6 4. Ng5 Qxg5 5. Qf3 Qf4 6. Qh5 g6 7. Qf3 Qxf3 8.
gxf3 Bh3 9. Bb5 Nge7 10. Nc3 a6 11. Bc4 Bg7 12. Nd5 Nxd5 13. Bxd5 O-O 14. d3
Bg2 15. Rg1 Bxf3 16. Bg5 Nb4 17. Rg3 Bh5 18. Be7 Nxc2+ 19. Kf1 Nxa1 20. Bxf8
Kxf8 21. Rf3 Bxf3 0-1

[Event "NW Regional Scholastic Championships"]
[Site "Chess.com"]
[Date "2020.05.16"]
[Round "?"]
[White "lsmith2007"]
[Black "namig2012"]
[Result "1-0"]
[WhiteElo "1000"]
[BlackElo "1196"]
[PlyCount "141"]
[EventDate "2020.??.??"]

1. e4 e5 2. Nf3 Nc6 3. Bc4 Bc5 4. O-O Nf6 5. Nc3 Nxe4 6. Nxe4 d5 7. Bb3 dxe4 8.
Ne1 O-O 9. d3 exd3 10. Qxd3 Qxd3 11. Nxd3 Bb6 12. Be3 Bxe3 13. fxe3 Be6 14. Nc5
Bxb3 15. Nxb3 Rad8 16. Nc5 Rd2 17. Rac1 b6 18. Ne4 Re2 19. Rfe1 Rxe1+ 20. Rxe1
Rd8 21. Rf1 f6 22. Rf3 Kf7 23. Nc3 Nb4 24. Nb5 Nxc2 25. e4 Nb4 26. Nxa7 Nxa2
27. Nc6 Rd2 28. Nxe5+ Ke6 29. Nc4 Rc2 30. b3 b5 31. Ne3 Rd2 32. Rh3 Rb2 33.
Rxh7 Rxb3 34. Nd5 c6 35. Nc7+ Kd6 36. Rxg7 Nb4 37. Ne8+ Ke5 38. Re7+ Kd4 39.
Nxf6 Nd3 40. Rd7+ Ke3 41. h4 Rb1+ 42. Kh2 Nf2 43. Kg3 b4 44. h5 b3 45. h6 b2
46. h7 Rh1 47. Rb7 Rxh7 48. Nxh7 Nxe4+ 49. Kh3 c5 50. Rxb2 Kd3 51. g4 c4 52. g5
c3 53. Rb1 c2 54. Rc1 Kd2 55. Rxc2+ Kxc2 56. g6 Kd3 57. g7 Ke3 58. g8=Q Kd4 59.
Kg4 Kd3 60. Qg6 Kd4 61. Kf4 Nc5 62. Qd6+ Kc4 63. Ke3 Kb5 64. Kd4 Nb3+ 65. Kd5
Na5 66. Qb8+ Ka4 67. Nf6 Ka3 68. Qb5 Nb3 69. Kc4 Nd2+ 70. Kc3 Nf3 71. Qb3# 1-0

[Event "NW Regional Scholastic Championships"]
[Site "Chess.com"]
[Date "2020.05.16"]
[Round "?"]
[White "RipperSkier"]
[Black "lsmith2007"]
[Result "1-0"]
[WhiteElo "1061"]
[BlackElo "1000"]
[PlyCount "75"]
[EventDate "2020.??.??"]

1. e4 e5 2. Nf3 Nc6 3. Bb5 Nge7 4. O-O a6 5. Bxc6 Nxc6 6. Nc3 Bc5 7. d3 O-O 8.
a3 Qf6 9. Bg5 Qg6 10. b4 Bb6 11. Nd5 h6 12. Bd2 d6 13. c4 Bh3 14. g3 Bxf1 15.
Qxf1 Qe6 16. a4 Nd4 17. Nxd4 Bxd4 18. Rb1 c6 19. Nc7 Qc8 20. Nxa8 Qxa8 21. b5
axb5 22. axb5 cxb5 23. cxb5 Qa2 24. Bb4 Qa4 25. Bxd6 Rd8 26. Bb4 Qxb5 27. Be7
Qd7 28. Bxd8 Qxd8 29. Rxb7 Qe8 30. Qb1 Qe6 31. Rb8+ Kh7 32. Ra8 Qf6 33. Ra2 g5
34. Qf1 g4 35. Qe2 h5 36. Qe1 Qf3 37. Qe2 Qf5 38. exf5 1-0

[Event "NW Regional Scholastic Championships"]
[Site "Chess.com"]
[Date "2020.05.16"]
[Round "?"]
[White "lsmith2007"]
[Black "HQrockstarpra"]
[Result "0-1"]
[WhiteElo "1000"]
[BlackElo "1200"]
[PlyCount "108"]
[EventDate "2020.??.??"]

1. e4 e5 2. Nf3 Nc6 3. Bc4 Bc5 4. Nc3 Nf6 5. O-O d6 6. d3 h6 7. Nd5 O-O 8.
Nxf6+ Qxf6 9. b3 Bg4 10. Bb2 Bd4 11. h3 Bxb2 12. Rb1 Bxf3 13. Qxf3 Qxf3 14.
gxf3 Bd4 15. Rbc1 a6 16. c3 Ba7 17. b4 b5 18. Bd5 Rab8 19. Bxc6 f5 20. Rfe1
fxe4 21. fxe4 Rf6 22. Bd5+ Kh8 23. Red1 Rbf8 24. Rf1 Bxf2+ 25. Kg2 Ba7 26. Rxf6
Rxf6 27. Rd1 Rf2+ 28. Kg3 Rxa2 29. d4 Ra3 30. dxe5 Rxc3+ 31. Kf4 dxe5+ 32. Kxe5
Rxh3 33. Bb7 Rh5+ 34. Kf4 Kh7 35. e5 c5 36. Be4+ Kg8 37. Rd8+ Kf7 38. Bd5+ Ke7
39. Ra8 Bb6 40. Rxa6 Bc7 41. Ra7 Kd7 42. Kg4 Rxe5 43. Bg2 cxb4 44. Bh3 Rg5+ 45.
Kh4+ Ke7 46. Rxc7+ Kf6 47. Rc6+ Kf7 48. Be6+ Ke7 49. Bb3 Re5 50. Rc7+ Kf6 51.
Rc6+ Kf5 52. Bc2+ Kf4 53. Rg6 Re2 54. Bd3 Rh2# 0-1

[Event "NW Regional Scholastic Championships"]
[Site "Chess.com"]
[Date "2020.05.16"]
[Round "?"]
[White "LakeShaya"]
[Black "lsmith2007"]
[Result "1-0"]
[WhiteElo "1095"]
[BlackElo "1000"]
[PlyCount "127"]
[EventDate "2020.??.??"]

1. Nf3 Nc6 2. e4 e5 3. Bc4 Nf6 4. Nc3 Bc5 5. d3 d6 6. Bg5 h6 7. Bxf6 Qxf6 8.
Nd5 Qg6 9. O-O Bh3 10. Nh4 Qg5 11. Qf3 Qxh4 12. Qxh3 Qxh3 13. gxh3 Nd4 14.
Nxc7+ Kd8 15. Nxa8 Kd7 16. Bxf7 Rxa8 17. Rac1 Rf8 18. Bh5 g6 19. Bg4+ Kd8 20.
Rce1 Nxc2 21. Rc1 Nd4 22. a3 h5 23. Bd1 Ne6 24. Bb3 Nd4 25. Bd1 Ne6 26. b4 Bb6
27. a4 a6 28. a5 Ba7 29. Kg2 Nd4 30. Rb1 b5 31. Rc1 Rf4 32. f3 g5 33. Kf2 Rh4
34. Kg3 Rf4 35. Kg2 Nc6 36. Rxc6 h4 37. Rxd6+ Kc7 38. Rxa6 Kb7 39. Rg6 Be3 40.
Rxg5 Rf7 41. Rxe5 Rg7+ 42. Kh1 Kc6 43. Re6+ Kb7 44. Rb6+ Bxb6 45. axb6 Kxb6 46.
Rg1 Rf7 47. Rg4 Rh7 48. e5 Re7 49. Rxh4 Rxe5 50. Rh6+ Kb7 51. f4 Re1+ 52. Kg2
Rxd1 53. f5 Rd2+ 54. Kf3 Rxd3+ 55. Kg4 Rd8 56. f6 Rd4+ 57. Kf5 Rxb4 58. f7 Rd4
59. f8=Q b4 60. Qg7+ Kc8 61. Qxd4 b3 62. Rc6+ Kb7 63. Qb6+ Ka8 64. Rc8# 1-0

[Event "NW Regional Scholastic Championships"]
[Site "Chess.com"]
[Date "2020.05.16"]
[Round "?"]
[White "tacoma3"]
[Black "BentonT"]
[Result "0-1"]
[WhiteElo "938"]
[BlackElo "1058"]
[PlyCount "57"]
[EventDate "2020.??.??"]

1. e4 e6 2. Nf3 d5 3. exd5 exd5 4. Bd3 Nf6 5. O-O Bc5 6. Nc3 c6 7. b3 O-O 8.
Bb2 Bd4 9. Nxd4 Qb6 10. Nf3 Bg4 11. Qe2 Re8 12. Qd1 Nbd7 13. h3 Bh5 14. Bf5 Ne5
15. Bg4 Nfxg4 16. hxg4 Bxg4 17. Qe2 Nxf3+ 18. Qxf3 Bxf3 19. gxf3 Re6 20. Rfe1
Rg6+ 21. Kf1 Qa6+ 22. d3 Qb6 23. Na4 Qc7 24. Be5 Qd7 25. Nc5 Qh3+ 26. Ke2 Re8
27. Kd1 Qxf3+ 28. Re2 Rxe5 29. Kc1 0-1

[Event "NW Regional Scholastic Championships"]
[Site "Chess.com"]
[Date "2020.05.16"]
[Round "?"]
[White "bigmable509"]
[Black "tacoma3"]
[Result "0-1"]
[WhiteElo "1489"]
[BlackElo "938"]
[PlyCount "104"]
[EventDate "2020.??.??"]

1. Nf3 d5 2. b3 Nf6 3. Bb2 g6 4. e3 Bg7 5. Be2 O-O 6. O-O Nc6 7. Bb5 Bd7 8. Ne5
Nxe5 9. Bxd7 Nexd7 10. d3 c6 11. Nd2 Qc7 12. Nf3 Ng4 13. h3 Bxb2 14. Rb1 Bg7
15. d4 Ngf6 16. c4 dxc4 17. bxc4 Ne4 18. Qd3 Nd6 19. c5 Nb5 20. a4 Nxd4 21.
exd4 Qa5 22. Rxb7 Rfd8 23. Ra1 Ne5 24. Nxe5 Bxe5 25. Qe4 Bxd4 26. Rab1 Qd2 27.
Qxe7 Qxf2+ 28. Kh1 Rf8 29. Rd1 Rae8 30. Qxe8 Rxe8 31. Rbb1 Bc3 32. Rf1 Qg3 33.
Rb3 Re1 34. Rxe1 Qxe1+ 35. Kh2 Be5+ 36. g3 Qf2+ 37. Kh1 Qe1+ 38. Kg2 Qe2+ 39.
Kh1 Qd1+ 40. Kg2 Qxb3 41. h4 Qxg3+ 42. Kf1 Bd4 43. Ke2 Qe3+ 44. Kd1 Bc3 45. Kc2
Qd4 46. h5 Ba1 47. hxg6 Qc3+ 48. Kd1 Qd3+ 49. Ke1 Qxg6 50. a5 Qg2 51. a6 Bc3+
52. Kd1 Qd2# 0-1

[Event "NW Regional Scholastic Championships"]
[Site "Chess.com"]
[Date "2020.05.16"]
[Round "?"]
[White "tacoma3"]
[Black "OWSchess"]
[Result "1/2-1/2"]
[WhiteElo "938"]
[BlackElo "1242"]
[PlyCount "83"]
[EventDate "2020.??.??"]

1. e4 c5 2. Bc4 e6 3. Nf3 Nc6 4. O-O Nf6 5. e5 Ng4 6. Re1 g6 7. d3 Bg7 8. Bg5
Qc7 9. h3 Ngxe5 10. Nxe5 Nxe5 11. Nc3 O-O 12. Nb5 Qc6 13. Be7 Re8 14. Bd6 Rd8
15. Bxe5 d5 16. Bxg7 Kxg7 17. Qe2 dxc4 18. dxc4 a6 19. Qe5+ f6 20. Qc7+ Qxc7
21. Nxc7 Rb8 22. Nxe6+ Bxe6 23. Rxe6 Rd2 24. Re7+ Kh6 25. Rc1 Rbd8 26. Kh2 Rxf2
27. Re4 Rdd2 28. Rg1 Kh5 29. Re7 h6 30. Rxb7 Rxc2 31. Ra7 Rxb2 32. Rxa6 Rbc2
33. Kg3 Rxa2 34. Rxa2 Rxa2 35. Rf1 Rc2 36. Rf4 g5 37. Rxf6 Rxc4 38. Rc6 Rc3+
39. Kh2 Rc2 40. Kg3 Rc3+ 41. Kh2 Rc2 42. Kg3 1/2-1/2

[Event "NW Regional Scholastic Championships"]
[Site "Chess.com"]
[Date "2020.05.16"]
[Round "?"]
[White "tacoma3"]
[Black "franksalot520"]
[Result "1-0"]
[WhiteElo "938"]
[BlackElo "1002"]
[PlyCount "59"]
[EventDate "2020.??.??"]

1. e4 e5 2. Nf3 Nc6 3. Bc4 h6 4. Nc3 Nf6 5. O-O Bc5 6. Nb5 a6 7. Nc3 b5 8. Bd5
Nxd5 9. exd5 Ne7 10. Nxe5 d6 11. Nd3 Bb7 12. Nxc5 dxc5 13. Re1 O-O 14. Qe2 Nxd5
15. Nxd5 Qxd5 16. Qg4 Rfe8 17. Rf1 Re5 18. d4 cxd4 19. Bxh6 g6 20. Rfe1 Rae8
21. Rxe5 Qxe5 22. Kf1 Bc8 23. Qf3 Bf5 24. Bf4 Qe7 25. Qg3 Rc8 26. Bg5 Qb4 27.
b3 Bxc2 28. Qe5 Kf8 29. Bh6+ Kg8 30. Qg7# 1-0

[Event "NW Regional Scholastic Championships"]
[Site "Chess.com"]
[Date "2020.05.16"]
[Round "?"]
[White "orange78"]
[Black "tacoma3"]
[Result "1-0"]
[WhiteElo "999"]
[BlackElo "938"]
[PlyCount "135"]
[EventDate "2020.??.??"]

1. e4 e5 2. Nf3 d6 3. Bc4 Be7 4. Nc3 Nf6 5. d3 O-O 6. h3 c6 7. Be3 d5 8. exd5
cxd5 9. Bb5 d4 10. Nxe5 dxe3 11. fxe3 Bd6 12. Nf3 Bg3+ 13. Ke2 Nc6 14. Bxc6
bxc6 15. Qf1 Re8 16. Kd2 Qe7 17. e4 Nxe4+ 18. Nxe4 Bf5 19. Nxg3 Qe3+ 20. Kd1
Bg6 21. Qe1 Bh5 22. Qxe3 Rxe3 23. Ne4 Rxf3 24. gxf3 Bxf3+ 25. Kd2 Bxh1 26. Rxh1
Rb8 27. b3 Kf8 28. Re1 f6 29. Nd6 Rd8 30. Nf5 Rd5 31. Ne7 Rd6 32. Nf5 Rd5 33.
Ne3 Re5 34. Nc4 Rxe1 35. Kxe1 Kf7 36. Ke2 Kg6 37. Nd6 Kg5 38. Nc8 a6 39. c4 Kh4
40. d4 Kxh3 41. d5 g5 42. d6 g4 43. d7 g3 44. d8=Q g2 45. Qd6 g1=Q 46. Qd3+ Kh2
47. Qxh7+ Kg2 48. Qg6+ Kh2 49. Qxg1+ Kxg1 50. Kf3 Kh2 51. Kf4 a5 52. Kf5 c5 53.
Kxf6 Kg3 54. Ke5 Kf3 55. Kd5 Ke3 56. Kxc5 Kd3 57. Kb5 Kd4 58. Kxa5 Kc5 59. b4+
Kc6 60. b5+ Kc7 61. Ne7 Kb7 62. c5 Ka7 63. b6+ Kb7 64. Kb5 Kb8 65. Kc6 Ka8 66.
Kd7 Kb7 67. c6+ Kxb6 68. c7 1-0

[Event "NW Regional Scholastic Championships"]
[Site "Chess.com"]
[Date "2020.05.16"]
[Round "?"]
[White "random003"]
[Black "voldemort567"]
[Result "1-0"]
[WhiteElo "1785"]
[BlackElo "1028"]
[PlyCount "69"]
[EventDate "2020.??.??"]

1. d4 d5 2. Bf4 Nc6 3. e3 Nf6 4. Nf3 Be6 5. Be2 Bd7 6. c4 e6 7. Nc3 dxc4 8.
Bxc4 Bb4 9. Qc2 O-O 10. O-O Re8 11. Rac1 Bxc3 12. bxc3 h6 13. h3 Ne7 14. Bd3 c6
15. Qb2 Qb6 16. Qc2 Ned5 17. Bh2 c5 18. Rfe1 cxd4 19. exd4 Rac8 20. Qd2 Rc6 21.
Ne5 Rc7 22. Nc4 Qc6 23. Bxc7 Qxc7 24. Ne5 Rc8 25. Nxd7 Nxd7 26. Rc2 Nxc3 27.
Rec1 Qa5 28. Rxc3 Rxc3 29. Qxc3 Qxa2 30. Qc8+ Nf8 31. Qc2 Qa5 32. Qb1 b6 33.
Rc8 a6 34. Bh7+ Kh8 35. Rxf8# 1-0